000 01870cam a22004814i 4500
003 PE-LiUPU
005 20250731173421.0
008 150706s r 000 0 d
020 _a9781592721450
035 _a(Sirsi) i9781592721450
040 _aPE-LiUPU
_bspa
_cPE-LiUPU
_erda
049 _aPRUA
082 0 4 _a261.835
_bM19
_221
100 1 _aMaldonado, Guillermo,
_eautor.
245 1 3 _aLa inmoralidad sexual /
_cGuillermo Maldonado.
264 1 _aMiami, Fl. :
_bERJ Publicaciones,
_c2008.
300 _a127 páginas ;
_c22 cm.
336 _atext
_2rdacontent
337 _aunmediated
_2rdamedia
338 _avolume
_2rdacarrier
500 _a"Descubra los pasos para prevenir los malos pensamientos y vivir con una mente pura y limpia.".
504 _aIncluye bibliografía.
505 0 _aLa batalla de la mente y la inmoralidad sexual -- La inmoralidad sexual y los demonios -- Las diez prácticas sexuales ilícitas más comunes -- El abuso sexual -- El sexo en el matrimonio -- La santificación, la solución a los problemas sexuales.
526 _aSEG42
526 _aSEG41
526 _aSEG40
526 _aSEG39
526 _aP94
526 _aP87
526 _aP86
526 _aP85
526 _aP77
526 _aP76
526 _aP35
541 _g001-0000588;
650 0 4 _aSexo
_xCristianismo.
910 _agl
_bjv
_clch
_d20120622
942 _2ddc
_cBOOK
949 _a261.835 M19
_wDEWEY
_c1
_i64935
_lCCODEBUL1
_mBUL
_p13.00
_r0
_sY
_tBOOK
_u2015-7-6
_xTEOLOGIA
_PP35
_o.STAFF. Colección General
994 _aC0
_bPEPRU
596 _a1
999 _a261.835 M19
_wDEWEY
_c53644
_i64935
_d53644
_e2016-10-30
_f2021-11-10
_g5
_lCCODEBUL1
_mBUL
_n3
_p13.00
_r0
_sY
_tBOOK
_u2015-7-6
_xTEOLOGIA
_PP35
_0COMPRA
_o.STAFF. Colección General
980 _81
_gALBERTO SANCHEZ Responsable de Automatización